Normas alternativas para la preparación de información contable de Pymes (Registro nro. 22853)
[ vista simple ]
| 000 -LEADER | |
|---|---|
| fixed length control field | 00462 a2200145 4500 |
| 001 - CONTROL NUMBER | |
| control field | ART_23598 |
| 005 - DATE AND TIME OF LATEST TRANSACTION | |
| control field | 20260410161827.0 |
| 008 - FIXED-LENGTH DATA ELEMENTS--GENERAL INFORMATION | |
| fixed length control field | 260409a |
| 100 1# - MAIN ENTRY--PERSONAL NAME | |
| Personal name | Casal, María del Carmen |
| 245 10 - TITLE STATEMENT | |
| Title | Normas alternativas para la preparación de información contable de Pymes |
| 700 1# - ADDED ENTRY--PERSONAL NAME | |
| Personal name | Rondi, Gustavo R. |
| 700 1# - ADDED ENTRY--PERSONAL NAME | |
| Personal name | Galante, Marcelo J. |
| 700 1# - ADDED ENTRY--PERSONAL NAME | |
| Personal name | Gómez, Melisa |
| 773 0# - HOST ITEM ENTRY | |
| Title | FACES |
| Related parts | - Año 19, Nº 40/41 (ene./dic. 2013) |
| Record control number | REV5046 |
No hay ítems disponibles.